| 000 | 00502nam a22002057a 4500 | ||
|---|---|---|---|
| 001 | 7965 | ||
| 003 | FISKH | ||
| 005 | 20250815110537.0 | ||
| 008 | 250815b cb ||||| |||| 00| 0 eng d | ||
| 020 | _a9781861870087 | ||
| 040 |
_aFISKH _beng _cFISKH _dFISKH |
||
| 082 | _a649 | ||
| 100 | _aExley, Lincoln | ||
| 245 | _aFriends for life / | ||
| 260 |
_aNew York : _bExley, _c1998. |
||
| 300 |
_a14 pages : _bcolor illustrations ; _c17 cm |
||
| 505 | _aNP | ||
| 942 |
_2ddc _cBK _n0 |
||
| 999 |
_c7965 _d7965 |
||